Robinson Crusoe /
Cuando Robinson Crusoe naufragó en aquella isla desierta, no podía imaginar que pasaría allí veintiocho años, que sembraría arroz y cebada, que haría queso y que encontraría un buen salvaje rousseauniano a quien evangelizar. Pero Robinson no es sólo un hombre hábil, capaz de sobrevivir, y aun de pro...
Guardado en:
| Autor Principal: | |
|---|---|
| Otros Autores: | , , |
| Formato: | Libro |
| Idioma: | Undetermined |
| Publicado: |
Madrid :
Hyspamérica : Anaya,
1983.
|
| Edición: | 2a ed. |
| Series: | Mis libros. Aventuras
|
| Materias: | |
| Etiquetas: |
Agregar Etiqueta
Sin Etiquetas, Sea el primero en etiquetar este registro!
|
| LEADER | 01458nam a22002415a 4500 | ||
|---|---|---|---|
| 001 | CEM.cems024955 | ||
| 008 | 251022s1983####sp############000#0#und#d | ||
| 005 | 20251022185544.0 | ||
| 245 | 1 | 0 | |a Robinson Crusoe / |c Daniel Defoe ; traducción Martha Eguía ; apéndice Emilio Pascual ; ilustración J. J. Grandville. |
| 250 | |a 2a ed. | ||
| 260 | |a Madrid : |b Hyspamérica : |b Anaya, |c 1983. | ||
| 300 | |a 328 p. | ||
| 490 | 1 | |a Mis libros. Aventuras | |
| 520 | |a Cuando Robinson Crusoe naufragó en aquella isla desierta, no podía imaginar que pasaría allí veintiocho años, que sembraría arroz y cebada, que haría queso y que encontraría un buen salvaje rousseauniano a quien evangelizar. Pero Robinson no es sólo un hombre hábil, capaz de sobrevivir, y aun de prosperar, a fuerza de tenacidad e ingenio. Es, sobre todo, el prototipo del colonizador inglés, que no se conforma con «estar» en la isla, sino que la explora y la somete. Daniel Defoe, por su ausencia de pretensiones literarias --o justamente por ello--, por su estilo «esencial» y tan «práctico» como el hombre que narra su vida, escribió una obra maestra imprescindible. | ||
| 020 | |a 8475251161 | ||
| 100 | 1 | |a Defoe, Daniel. | |
| 700 | 1 | |a Eguía, Martha; trad. | |
| 700 | 1 | |a Pascual, Emilio; ap. | |
| 700 | 1 | |a Grandville, J. J.; il. | |
| 653 | |a Literatura | ||
| 653 | |a Novela rusa | ||
| 653 | |a Novela de aventuras | ||
| 859 | |a CEMS |b BIB. CEMS - 11 de abril |h 823.9 |i D362-1 |p 30473.25 |t Ej.1 | ||
